UBT Library

The handbook of good English : (Record no. 40185)

000 -LEADER
fixed length control field 00649cam a2200217 a 4500
001 - CONTROL NUMBER
control field 2333438
005 - DATE AND TIME OF LATEST TRANSACTION
control field 20180112043741.0
008 - FIXED-LENGTH DATA ELEMENTS--GENERAL INFORMATION
fixed length control field 821124t19831982nyu f 001 0 eng
010 ## - LIBRARY OF CONGRESS CONTROL NUMBER
LC control number 82021101
020 ## - INTERNATIONAL STANDARD BOOK NUMBER
International Standard Book Number 0871961415
040 ## - CATALOGING SOURCE
Original cataloging agency DLC
Transcribing agency DLC
Modifying agency DLC
041 ## - LANGUAGE CODE
Language code of text/sound track or separate title eng
080 ## - UNIVERSAL DECIMAL CLASSIFICATION NUMBER
Universal Decimal Classification number 428.2 JOH
082 00 - DEWEY DECIMAL CLASSIFICATION NUMBER
Classification number 428.2 JOH
Edition number 19
100 1# - Rafti
Rafti 46
101 ## - Shkurtesa
Shkurtesa EDU
240 10 - UNIFORM TITLE
Uniform title <a href="Washington Square Press handbook of good English">Washington Square Press handbook of good English</a>
245 14 - TITLE STATEMENT
Title The handbook of good English :
Statement of responsibility, etc by Edward D. Johnson.
906 ## - LOCAL DATA ELEMENT F, LDF (RLIN)
a 7
b cbc
c orignew
d 1
e ocip
f 19
g y-gencatlg
942 ## - ADDED ENTRY ELEMENTS (KOHA)
Source of classification or shelving scheme
Item type Books
Holdings
Withdrawn status Lost status Source of classification or shelving scheme Damaged status Not for loan Collection code Permanent location Current location Shelving location Date acquired Total Checkouts Full call number Barcode Date last seen Price effective from Koha item type
          Koleksioni i përgjithshem UBT - Lipjan UBT - Lipjan Koleksioni i përgjithshem 01/12/2018   428.2 JOH 002-2994926 01/12/2018 01/12/2018 Books
          Koleksioni i përgjithshem UBT - Lipjan UBT - Lipjan Koleksioni i përgjithshem 01/12/2018   428.2 JOH 002-2994921 01/12/2018 01/12/2018 Books
UBT Library © 2015-2024. All rights reserved University Education for Business and Technology